000 00416nam a2200181Ia 4500
003 OSt
005 20230511144941.0
008 210210b1926 xxu||||| |||| 00| 0 eng d
040 _cAL
041 _aFrench
082 _a444/127
100 _aENAULT (L)
_9103380
245 _aLa rose blanche
260 _aLondon
_bMacmillan & Co. Ltd.
_c1926
690 _aFrench
_9103381
906 _a006322
942 _2ddc
_cBK
999 _c129144
_d129144